000 01016nam a2200301 a 4500
999 _c1390
_d1390
001 152250
003 CoMeUDC
005 20210628092629.0
008 890622r19961988ck a r 00110dspa d
020 _a9580407266
035 _aADL8175 LA
040 _ala
_cla
041 1 _aspa
_heng
082 0 4 _a658.4
_bW238
100 1 _aWalton, Mary.
245 1 0 _aCómo administrar con el método Deming /
_cMary Walton ; prólogo, William Edwards Deming ; traducción, Gisela Wulfers de Rosas ; revisión técnica, Alberto Carvajal Cabal.
260 _aBogotá :
_bEditorial Norma,
_c1986.
300 _a291 p. :
_c24 cm.
440 0 _aSerie norma empresas y empresarios
504 _aIncluye índice.
534 _pTítulo original.
_tthe Deming management method.
650 0 _aMétodo deming
_91734
650 0 _aMétodo gerencial
_91735
_xGerencia
700 1 _aDeming, William Edwards,
_d1900-
700 1 _aWulfers de Rosas, Gisela,
_etr.
700 1 _aCarvajal Cabal, Alberto.
942 _2ddc
_cBK